| 000 | 00794cam a2200241 a 4500 | ||
|---|---|---|---|
| 001 | 000008419 | ||
| 005 | 20200929161335.0 | ||
| 008 | 810805s1980 cu af 001 f spa | ||
| 040 |
_aDO-SdBNP _cDLC _dDLC |
||
| 082 |
_aPe863.44 _bS161ó |
||
| 100 | 1 |
_aSalazar, Jorge, _d1940- _922690 |
|
| 245 | 1 | 3 |
_aLa ópera de los fantasmas / _cOsvaldo Salazar ; edición, Clara Hernández. |
| 260 |
_aHabana, (Cuba) : _bCasa de las Américas, _c1980. |
||
| 300 |
_a173 p. : _bil. ; _c19 cm. |
||
| 590 | _aPremio Casa de las Américas novela, 1980 | ||
| 650 | 4 |
_aNovela peruana _912569 |
|
| 650 | 4 |
_aLiteratura peruana _93140 |
|
| 650 | 4 |
_aCrueldad _xNovela _922691 |
|
| 650 | 4 |
_aIronía _xNovela _922692 |
|
| 700 | 1 |
_aHernández, Clara _eed. _94129 |
|
| 910 | _aCatalogación por copia / LC | ||
| 049 | _aBNGR | ||
| 999 |
_c8190 _d8190 |
||